The Mad Scientist Handbook 2 / (Record no. 5062)

MARC details
000 -LEADER
fixed length control field 00816nam a22002297a 4500
001 - CONTROL NUMBER
control field 5062
003 - CONTROL NUMBER IDENTIFIER
control field FISKH
005 - DATE AND TIME OF LATEST TRANSACTION
control field 20241105113405.0
008 - FIXED-LENGTH DATA ELEMENTS--GENERAL INFORMATION
fixed length control field 241104b cb ||||| |||| 00| 0 eng d
020 ## - INTERNATIONAL STANDARD BOOK NUMBER
International Standard Book Number 9780399527753
040 ## - CATALOGING SOURCE
Original cataloging agency FISKH
Language of cataloging eng
Transcribing agency FISKH
Modifying agency FISKH
082 ## - DEWEY DECIMAL CLASSIFICATION NUMBER
Classification number 793.8
100 ## - MAIN ENTRY--PERSONAL NAME
Personal name Green, Joey
245 ## - TITLE STATEMENT
Title The Mad Scientist Handbook 2 /
Statement of responsibility, etc. by Joey Green
260 ## - PUBLICATION, DISTRIBUTION, ETC.
Place of publication, distribution, etc. New York :
Name of publisher, distributor, etc. A Perigee Book :
Date of publication, distribution, etc. 2002 .
300 ## - PHYSICAL DESCRIPTION
Extent 117 pages :
Other physical details illustrations ;
Dimensions 24 cm .
520 ## - SUMMARY, ETC.
Summary, etc. A collection of experiments that can be performed using ordinary household objects, such as making a battery from money or a beach ball-powered elevator, plus explanations of why each works.
650 ## - SUBJECT ADDED ENTRY--TOPICAL TERM
Topical term or geographic name entry element science experiments
Form subdivision non-fiction
700 ## - ADDED ENTRY--PERSONAL NAME
Personal name Bjorklund, Charles
Relator term designer
942 ## - ADDED ENTRY ELEMENTS (KOHA)
Source of classification or shelving scheme Dewey Decimal Classification
Koha item type Books
Suppress in OPAC No
Holdings
Withdrawn status Lost status Source of classification or shelving scheme Damaged status Not for loan Collection Home library Current library Shelving location Date acquired Total Checkouts Full call number Barcode Date last seen Price effective from Koha item type
    Dewey Decimal Classification     Non-Fiction Footprints International School Library Network Toul Kork Campus Footprints International School Library Network Toul Kork Campus TTP Secondary Non-Fiction Bookshelves 11/04/2024   GRE 793.8 FIS00810 11/04/2024 11/04/2024 Books